Top 100 Comic Book Heroes by Picture - Statistics

General Stats
  • This quiz has been taken 247 times
  • The average score is 56 of 100
Answer Stats
Picture Hint Answer % Correct
#2 Batman
99%
#3 Spider-Man
99%
#1 Superman
99%
#9 Hulk
98%
#5 Wonder Woman
98%
#6 Captain America
97%
#14 Thor
97%
#12 Iron Man
95%
#8 The Flash (Wally West)
95%
#4 Wolverine
95%
#7 Hal Jordan
94%
#10 Daredevil
90%
#31 Deadpool
90%
#20 Catwoman
89%
#11 Dick Grayson
87%
#32 Robin (Tim Drake)
87%
#18 Thing
87%
#52 Aquaman
86%
#38 Doctor Strange
86%
#51 Black Panther
85%
#74 Black Widow
85%
#49 The Flash (Barry Allen)
85%
#22 Professor X
84%
#82 Ant-Man
83%
#17 Batgirl
83%
#33 Nick Fury
83%
#53 Bucky Barnes
82%
#30 Green Arrow
81%
#44 Hawkeye
81%
#41 Silver Surfer
80%
#40 Mister Fantastic
78%
#25 Hellboy
77%
#23 Raphael
77%
#42 Storm
77%
#39 Cyclops
75%
#96 Falcon
75%
#88 She-Hulk
74%
#89 Moon Knight
73%
#58 Beast
72%
#90 Ghost Rider
71%
#46 Human Torch
71%
#63 Blade
70%
#55 John Stewart
70%
#50 Captain Marvel
69%
#13 Jean Grey
68%
#66 Invisible Woman
67%
#56 Hawkman
66%
#65 Gambit
65%
#43 Martian Manhunter
65%
#67 Hank Pym
63%
#80 Nightcrawler
63%
#27 Punisher
62%
#64 The Atom
62%
#61 Blue Beetle
59%
#68 Iron Fist
57%
#99 Wasp
57%
#79 Captain Britain
56%
#36 Spawn
56%
#83 Superboy
53%
#72 Luke Cage
52%
#77 Namor the Sub-Mariner
51%
#81 Black Canary
50%
#98 Nova
49%
#59 Booster Gold
48%
#35 Judge Dredd
45%
#16 Rorschach
45%
#29 John Constantine
44%
#69 Scott Pilgrim
44%
#26 Rick Grimes
40%
#57 The Tick
40%
#28 Swamp Thing
37%
#19 James Gordon
33%
#73 Jonah Hex
29%
#86 Michonne
27%
#85 Black Lightning
26%
#94 Supergirl
26%
#70 The Spectre
26%
#71 Wildcat
26%
#76 The Rocketeer
25%
#60 Fone Bone
23%
#47 Kitty Pryde
23%
#37 The Crow
22%
#78 Sgt. Rock
20%
#93 Wonder Girl
17%
#97 Adam Strange
16%
#15 Dream of the Endless
13%
#95 Savage Dragon
12%
#92 Usagi Yojimbo
12%
#21 The Spirit
10%
#100 Groo the Wanderer
9%
#75 Marv
9%
#87 Renee Montoya
9%
#45 Spider Jerusalem
8%
#84 Ka-Zar
7%
#91 Cerebus the Aardvark
5%
#54 Elijah Snow
5%
#34 Jesse Custer
5%
#48 Mitchell Hundred
2%
#24 Yorick Brown
2%
#62 Dashiell Bad Horse
1%
No matching quizzes found
Score Distribution
Percent of People with Each Score
Percentile by Number Answered
Your Score History
You have not taken this quiz